Statistiken für Die Top 16 der PDC Order of Merit 2018

Klicken Sie hier um das Quiz zu spielen!

Allgemein

  • Dieses Quiz wurde 17 mal gespielt
  • Das Durchschnittsergebnis liegt bei 13 aus 16

Antwortstatistiken

WeltranglistenplatzLandDartsspieler% Korrekt
4SchottlandGary Anderson
100%
6WalesGerwyn Price
100%
7ÖsterreichMensur Suljovic
100%
1NiederlandeMichael van Gerwen
100%
3SchottlandPeter Wright
100%
16EnglandAdrian Lewis
93%
9EnglandJames Wade
93%
15WalesJonny Clayton
93%
8AustralienSimon Whitlock
93%
12EnglandDave Chisnall
87%
5NordirlandDaryl Gurney
80%
14EnglandJoe Cullen
80%
10EnglandMichael Smith
80%
2EnglandRob Cross
80%
11EnglandIan White
53%
13EnglandDarren Webster
0%

Verteilung der Resultate

Perzentil nach korrekt beantworteten Fragen

Anzahl Personen mit jedem Resultat

Ihre Resultats-Entwicklung

Sie haben dieses Quiz noch nicht gespielt